| 000 | 00642nam a2200181Ia 4500 | ||
|---|---|---|---|
| 008 | 151018s9999 xx 000 0 und d | ||
| 082 |
_bRBASDV49206 _a891.433 |
||
| 100 | _aप्रभात कुमार मुखोपाध्याय | ||
| 245 | _aनिशा बाबू | ||
| 250 | _b1 | ||
| 260 |
_bसरस प्रकाशन _c2008 |
||
| 300 | _a90 | ||
| 600 | _aप्रभात कुमार मुखोपाध्याय | ||
| 630 | _aनिशा बाबू | ||
| 700 | _aप्रभात कुमार मुखोपाध्याय | ||
| 730 | _aनिशा बाबू | ||
| 942 | _cBOOK | ||
| 999 |
_c1048329 _d1048326 |
||